000 00957nam a22002417a 4500
001 44226
003 BD-RjUL
005 20211209053822.0
008 160716s1977 bg ||||| |||| 00| 0 ben d
020 _c: TK 22.00
035 _a(BD-RjUL)44344
040 _aBD-RjUL
_bben
_cBD-RjUL
041 _aben
082 _223
_a954.03
_bMOB 1977
100 _aমোজ্ লে, লিওনার্দ
_9135800
245 1 0 _aভারতে বৃটিশ রাজত্বের শেষ অধ্যায় /
_cলিওনার্দ মোজ্ লে
260 _aঢাকা :
_bবাংলা একাডেমী,
_c১৯৭৭
300 _a[১০], ৩২৯ পৃ. ;
_c২১ সেমি.
650 _aইতিহাস
_y১৮৫৭-
_zভারত
_9135801
650 _aHistory
_y1857-
_zIndia
_9135802
700 _aহোসেন, মোয়াজ্জেম, অনুবাদ
_9135803
942 _2ddc
_cBK
999 _c44226
_d44226